Other Bible (Record no. 9254)

MARC details
000 -LEADER
fixed length control field 00580nam a2200241 a 4500
020 ## - INTERNATIONAL STANDARD BOOK NUMBER
ISBN 0060309
082 00 - DEWEY DECIMAL CLASSIFICATION NUMBER
Classification number 229
Author Cutter BAR
100 ## - MAIN ENTRY--AUTHOR NAME
Author name Barnstone, William
245 ## - TITLE STATEMENT
Title Other Bible
260 ## - PUBLICATION, DISTRIBUTION, ETC. (IMPRINT)
Place of publication New York
Name of publisher Harperone
Year of publication 1980
300 ## - PHYSICAL DESCRIPTION
Number of Pages 742p
500 ## - GENERAL NOTE
General note includes index and biblioraphy
505 2# - FORMATTED CONTENTS NOTE
Formatted contents note Appendex, Bibliography
650 ## - SUBJECT ADDED ENTRY--TOPICAL TERM
Topical Term Apocrypha
942 ## - ADDED ENTRY ELEMENTS (KOHA)
Koha item type Books
700 1# -
-- Barnstone, William
Holdings
Collection code Home library Current library Date acquired Cost, normal purchase price Full call number Accession Number Koha item type
  Henry Martyn Institute Library Henry Martyn Institute Library 06/21/2007 100.00 229 BAR 012907 Books
                   Copyright © 2026 | Henry Martyn Institute | Hyderabad | TS-500052 | INDIA | Implemented by hmi.edu.in
Hit-Count:

Powered by Koha